Constitutional protections: expropriation and restrictions on property rights (Record no. 423604)

000 -LEADER
fixed length control field 00489cam a22001457a 4500
008 - FIXED-LENGTH DATA ELEMENTS--GENERAL INFORMATION
fixed length control field 180718b1963 xxu||||| |||| 00| 0 eng d
082 ## - DEWEY DECIMAL CLASSIFICATION NUMBER
Classification number C41 Sh53
100 ## - MAIN ENTRY--PERSONAL NAME
Personal name Sheridan, L. A.
245 ## - TITLE STATEMENT
Title Constitutional protections: expropriation and restrictions on property rights
Statement of responsibility, etc. by L. A. Sheridan
260 ## - PUBLICATION, DISTRIBUTION, ETC.
Place of publication, distribution, etc. Singapore
Name of publisher, distributor, etc. Malayan Law Journal
Date of publication, distribution, etc. 1963
300 ## - PHYSICAL DESCRIPTION
Extent li, 172p
650 ## - SUBJECT ADDED ENTRY--TOPICAL TERM
Topical term or geographic name entry element Eminent domain --Malaysia --Malaya
650 ## - SUBJECT ADDED ENTRY--TOPICAL TERM
Topical term or geographic name entry element Eminent domain --Pakistan
650 ## - SUBJECT ADDED ENTRY--TOPICAL TERM
Topical term or geographic name entry element Eminent domain --India
Holdings
Withdrawn status Lost status Damaged status Not for loan Permanent Location Current Location Date acquired Full call number Barcode Date last seen Price effective from Koha item type
        Indian Institute of Public Administration Indian Institute of Public Administration 2009-09-04 C41 Sh53 33287 2018-07-21 2018-07-21 Book

Powered by Koha